000 00568nam a2200181Ia 4500
008 130821s1976 xxu gr deng
040 _aCo-BoUCM
_bspa
041 0 0 _aeng
100 1 _aHaley, Alex
_91855
245 1 0 _aRoots
_cAlex Haley
260 _aNueva York (Estados Unidos)
_bDoubleday & Company
_c1976
300 _aviii, 688 páginas
650 _aAfroamericanos
_vBiografías
_97255
650 _aBiografías
_97343
650 _aEtnología
_zEstados Unidos
_97607
942 _cLIBRO
_a19
_e1
_mH168r
_2DEWEY
_h929.2073
999 _c77898
_d77898